[Event "ICS rated blitz match"]
[Site "207.99.83.227"]
[Date "1999.04.19"]
[Round "?"]
[White "ColonialPast"]
[Black "Hossa"]
[Result "1-0"]
[WhiteElo "2165"]
[BlackElo "2592"]
[Annotator "Crafty v16.6"]
[PlyCount "78"]

{annotating for player ossa  using a scoring margin of +0.10 pawns.  search
time limit is 10.00} 1. e4 1... c5 2. Nf3 Nc6 3. d4 cxd4 4. Nxd4 Qb6 5. Nb3 Nf6
6. Nc3 d6 ({8:-0.84} 6... d6 7. Be2 Be6 8. O-O Bxb3 9. axb3 Qd4 10. Qxd4 Nxd4
11. Bd3 $16) ({8:-0.24} 6... e6 7. a3 Be7 8. Bd3 Qd8 9. Bf4 O-O 10. O-O $10) 7.
h3 e6 8. Be3 Qc7 ({9:-0.34} 8... Qc7 9. Bg5 Qd8 10. Bb5 Be7 11. Nd4 Bd7 12.
Nxc6 bxc6 13. Bc4 $14) ({9:-0.09} 8... Qd8 9. Bb5 Be7 10. Nd4 Bd7 11. Nxc6 bxc6
12. Bc4 O-O 13. O-O $10) 9. g4 Be7 10. Bg2 O-O 11. Qd2 Ne5 12. Qe2 Rd8 ({
9:+0.15} 12... Rd8 13. g5 Ne8 14. f4 Nc6 15. O-O-O Bd7 16. Nb5 16... Qc8 $10) (
{9:+0.39} 12... Bd7 13. g5 Ne8 14. O-O-O Nc4 15. Bf4 Rc8 16. Qd3 16... Qc6 $15)
13. O-O-O Bd7 14. g5 Ne8 15. f4 Nc4 16. Kb1 Nxe3 17. Qxe3 Rdc8 18. h4 b5 19. e5
Rab8 20. Rd2 d5 21. h5 Bb4 22. Rd3 Bf8 23. Rd2 Qb6 24. Qg3 b4 25. Ne2 Bc5 26.
Nbd4 Bxd4 27. Nxd4 Qa5 28. Nb3 Qb6 29. g6 fxg6 30. hxg6 h6 31. Bh3 Nc7 32. Rdh2
Rf8 33. Bg4 Ba4 34. Rxh6 gxh6 35. Qh2 Bxb3 36. axb3 Qg1+ 37. Rxg1 Kg7 38. Rh1
h5 39. Bxh5 Rbd8 1-0

[Event "ICS rated bullet match"]
[Site "207.99.83.227"]
[Date "1999.04.19"]
[Round "?"]
[White "prili"]
[Black "Hossa"]
[Result "0-1"]
[WhiteElo "1975"]
[BlackElo "2453"]
[PlyCount "50"]

1. e4 c5 2. Nf3 Nc6 3. d4 cxd4 4. Nxd4 Qb6 5. Nb3 Nf6 6. Nc3 d6 7. Be3 Qc7 8.
Bd3 e6 9. h3 Be7 10. O-O O-O 11. f4 Bd7 12. Qe2 Kh8 13. g4 Nb4 14. g5 Ne8 15.
Rf2 Nxd3 16. cxd3 Rc8 17. Rg2 f5 18. Qh5 fxe4 19. g6 Nf6 20. Qh4 exd3 21. Bd4
h6 22. Bxf6 Bxf6 23. Qh5 Bxc3 24. bxc3 Rxf4 25. Nd4 25... Qxc3 {prili resigns}
0-1

[Event "ICS rated bullet match"]
[Site "207.99.83.227"]
[Date "1999.04.19"]
[Round "?"]
[White "Hossa"]
[Black "water"]
[Result "1-0"]
[WhiteElo "2455"]
[BlackElo "2029"]
[PlyCount "41"]

1. e4 c5 2. Bc4 d6 3. Nf3 Nf6 4. e5 dxe5 5. Nxe5 e6 6. O-O Nbd7 7. Nxd7 Bxd7 8.
d3 Bc6 9. Bg5 Be7 10. Nc3 O-O 11. Qe2 Kh8 12. Rae1 h6 13. Bf4 Nd5 14. Nxd5 Bxd5
15. Be5 Bxc4 16. dxc4 b6 17. Qg4 Bf6 18. Rd1 Qe8 19. Bxf6 gxf6 20. Qf4 Kg7 21.
Rd3 {water resigns} 1-0

[Event "ICS rated bullet match"]
[Site "207.99.83.227"]
[Date "1999.04.19"]
[Round "?"]
[White "water"]
[Black "Hossa"]
[Result "0-1"]
[WhiteElo "2026"]
[BlackElo "2458"]
[PlyCount "47"]

1. e4 d6 2. d4 c5 3. Nf3 cxd4 4. Nxd4 Nf6 5. Nc3 e6 6. Be3 Be7 7. g4 O-O 8. g5
Nfd7 9. h4 Nc6 10. Qe2 Nxd4 11. Bxd4 e5 12. Be3 f5 13. gxf6 Nxf6 14. O-O-O Ng4
15. Nd5 Bxh4 16. Kb1 Rxf2 17. Bxf2 Nxf2 18. Rxh4 Qxh4 19. Qe1 Bd7 20. Bc4 Kh8
21. Rd2 Qxe4 22. Qxf2 Qxc4 23. Ne3 Qb4 24. c3 {water resigns} 0-1

[Event "ICS rated bullet match"]
[Site "207.99.83.227"]
[Date "1999.04.19"]
[Round "?"]
[White "Hossa"]
[Black "water"]
[Result "1-0"]
[WhiteElo "2460"]
[BlackElo "2024"]
[PlyCount "57"]

1. e4 c5 2. Bc4 d6 3. Nc3 e6 4. Nf3 Nf6 5. O-O a6 6. d4 cxd4 7. Nxd4 Be7 8. Bg5
O-O 9. Qd2 h6 10. Be3 Qc7 11. Be2 Bd7 12. Kh1 Nc6 13. Rad1 Rfd8 14. Nxc6 Bxc6
15. Bf3 Nd7 16. Bd4 Ne5 17. Be2 b5 18. Qe3 Bf6 19. Bb6 Qb7 20. Bxd8 Rxd8 21. f3
Rc8 22. Rxd6 Be7 23. Rd2 Nc4 24. Bxc4 bxc4 25. Rb1 Bb4 26. Qd4 Bb5 27. Rbd1 Bc5
28. Qe5 Be8 29. Rd8 {water resigns} 1-0

[Event "ICS Rated blitz match"]
[Site "207.99.83.227"]
[Date "1999.04.19"]
[Round "?"]
[White "Hossa"]
[Black "ColonialPast"]
[Result "1-0"]
[WhiteElo "2563"]
[BlackElo "2182"]
[PlyCount "101"]

1. e4 c6 2. Nc3 d5 3. exd5 cxd5 4. Bb5+ Nc6 5. Nf3 Nf6 6. O-O e6 7. Ne5 Bd7 8.
Nxd7 Qxd7 9. d3 a6 10. Bxc6 bxc6 11. Bg5 Be7 12. Na4 Qc7 13. Qf3 O-O 14. Rae1
Rfe8 15. Bf4 Bd6 16. Bxd6 Qxd6 17. c3 Nd7 18. Qg4 e5 19. Kh1 Re6 20. c4 Rae8
21. Nc3 Nf6 22. Qg3 Nh5 23. Qf3 Nf6 24. cxd5 cxd5 25. Qf5 e4 26. d4 g6 27. Qg5
Kg7 28. Re2 h6 29. Qe3 Ng4 30. Qh3 f5 31. Qh4 Nf6 32. Rc2 R8e7 33. Na4 Qb4 34.
Nc5 Rd6 35. Rd1 g5 36. Qh3 Kg6 37. a3 Qb6 38. b4 Nd7 39. Rdc1 Rf6 40. Qb3 Qd6
41. Nb7 Qe6 42. Nd8 Qg8 43. Nc6 Re8 44. Qa4 Nb6 45. Qxa6 Nc4 46. a4 Qe6 47. b5
f4 48. Rxc4 dxc4 49. Ne5+ Kf5 50. Qxe6+ Rexe6 51. g4+ {ColonialPast resigns}
1-0

[Event "ICS rated blitz match"]
[Site "207.99.83.227"]
[Date "1999.04.19"]
[Round "?"]
[White "ColonialPast"]
[Black "Hossa"]
[Result "0-1"]
[WhiteElo "2179"]
[BlackElo "2566"]
[PlyCount "50"]

1. e4 e5 2. Nf3 Nc6 3. Bb5 a6 4. Ba4 Nf6 5. O-O b5 6. Bb3 Bc5 7. c3 O-O 8. d4
exd4 9. cxd4 Be7 10. e5 Ne8 11. d5 Na7 12. Qd3 d6 13. Bc2 f5 14. e6 Bb7 15. a3
c5 16. Nc3 Nc7 17. b4 c4 18. Qd2 Bf6 19. Rb1 Bxc3 20. Qxc3 Nxd5 21. Qd4 Qf6 22.
Bg5 Qxe6 23. Rbe1 Qg6 24. Qd2 h6 25. Bh4 25... Nxb4 {ColonialPast resigns} 0-1

[Event "ICS rated blitz match"]
[Site "207.99.83.227"]
[Date "1999.04.19"]
[Round "?"]
[White "Hossa"]
[Black "ColonialPast"]
[Result "1-0"]
[WhiteElo "2569"]
[BlackElo "2176"]
[PlyCount "101"]

1. e4 c6 2. Nc3 d5 3. exd5 cxd5 4. Bb5+ Nc6 5. Nf3 Nf6 6. O-O e6 7. Ne5 Bd7 8.
Nxd7 Qxd7 9. d3 a6 10. Bxc6 bxc6 11. Bg5 Be7 12. Na4 Qc7 13. Qf3 O-O 14. Rae1
Rfe8 15. Bf4 Bd6 16. Bxd6 Qxd6 17. c3 Nd7 18. Qg4 Nc5 19. Qb4 Nb7 20. Qxd6 Nxd6
21. Nc5 a5 22. f4 Red8 23. d4 Rab8 24. b3 Nb7 25. Nxb7 Rxb7 26. f5 exf5 27.
Rxf5 f6 28. Rf3 Kf7 29. Rh3 h6 30. Rhe3 Rd6 31. Re8 Ra7 32. Kf2 h5 33. Rh8 Kg6
34. Re3 f5 35. Rg3+ Kf6 36. Rxh5 g6 37. Rhg5 Kf7 38. h4 Re7 39. h5 Rde6 40.
Rxg6 Re2+ 41. Kf3 R7e4 42. Rg7+ Kf8 43. R7g5 R2e3+ 44. Kf2 Re2+ 45. Kg1 Re1+
46. Kh2 Rf1 47. h6 f4 48. Rg8+ Kf7 49. R3g7+ Kf6 50. Rg6+ Kf7 51. h7 {
ColonialPast resigns} 1-0

[Event "ICS Rated blitz match"]
[Site "207.99.83.227"]
[Date "1999.04.19"]
[Round "?"]
[White "ColonialPast"]
[Black "Hossa"]
[Result "0-1"]
[WhiteElo "2173"]
[BlackElo "2572"]
[PlyCount "126"]

1. e4 d6 2. d4 Nf6 3. Nc3 Nbd7 4. Nf3 e5 5. Bc4 exd4 6. Nxd4 Be7 7. O-O Ne5 8.
Bb3 O-O 9. h3 Ned7 10. Nf5 Nc5 11. Nxe7+ Qxe7 12. Re1 Nxb3 13. axb3 a6 14. Qf3
Qe5 15. Bf4 Qh5 16. Qxh5 Nxh5 17. Bh2 Be6 18. Nd5 Bxd5 19. exd5 Rae8 20. Kf1
Nf6 21. c4 Ne4 22. Bf4 Nc5 23. Be3 Nxb3 24. Ra3 Nc5 25. Bxc5 Rxe1+ 26. Kxe1
dxc5 27. Ra5 Re8+ 28. Kd2 Re7 29. Rxc5 h6 30. f3 b6 31. Rc6 Rd7 32. Kd3 Kh7 33.
Ke4 a5 34. c5 bxc5 35. Rxc5 a4 36. Rc4 Re7+ 37. Kd3 Re5 38. Kd4 Re2 39. Rxc7
Rxb2 40. g4 Rd2+ 41. Ke5 f6+ 42. Ke6 Rd3 43. Ra7 Rxf3 44. Rxa4 Re3+ 45. Kf7
Rxh3 46. Rd4 Rf3 47. d6 f5 48. gxf5 Rxf5+ 49. Ke6 Rf8 50. d7 g5 51. d8=Q Rxd8
52. Rxd8 Kg6 53. Ke5 Kh5 54. Kf5 Kh4 55. Rg8 Kg3 56. Rg6 Kf3 57. Rxh6 g4 58.
Ra6 g3 59. Ra3+ Kf2 60. Kg4 g2 61. Ra2+ Kg1 62. Kg3 Kh1 63. Kh3 63... g1=Q {
ColonialPast resigns} 0-1

[Event "ICS Rated blitz match"]
[Site "207.99.83.227"]
[Date "1999.04.19"]
[Round "?"]
[White "heatstroke"]
[Black "Hossa"]
[Result "1-0"]
[WhiteElo "2877"]
[BlackElo "2567"]
[Annotator "Crafty v16.6"]
[PlyCount "98"]

{annotating for player ossa  using a scoring margin of +0.10 pawns.  search
time limit is 10.00} 1. e4 1... d6 2. Nf3 Nf6 3. Nc3 e6 4. d4 Be7 5. Bb5+ Bd7
6. e5 Nd5 ({8:-0.39} 6... Nd5 7. Nxd5 exd5 8. Bxd7+ Qxd7 9. O-O O-O 10. Re1 Nc6
11. e6 11... fxe6 $14) ({8:-0.21} 6... dxe5 7. dxe5 Nd5 8. Nxd5 exd5 9. Be2 O-O
10. O-O Bf5 11. Bf4 $10) 7. exd6 Bxd6 8. Bxd7+ Nxd7 9. Nxd5 exd5 10. O-O O-O
11. Qd3 c6 12. Re1 Qc7 13. Bg5 Rae8 14. Bh4 Kh8 15. c3 Re6 16. Rxe6 fxe6 17.
Ng5 Nf6 18. Nxe6 Qe7 19. Nxf8 Qxf8 20. Qf5 Ne4 21. Qxf8+ Bxf8 22. f3 Nd6 23.
Re1 Kg8 24. Kf2 c5 25. dxc5 Nf5 26. Bg5 Bxc5+ 27. Kf1 Bd6 28. g4 Nh6 29. Re6
Bf8 30. Bxh6 gxh6 31. Re5 d4 32. cxd4 Bg7 33. Rd5 h5 34. gxh5 Bf6 35. Ke2 b6
36. Kd3 h6 37. Rd7 a5 38. Rb7 Bg5 39. Rxb6 Kf7 40. Ra6 Bc1 41. b3 Bf4 42. h3 a4
43. b4 a3 44. b5 Ke7 45. b6 Kd6 46. Rxa3 Kc6 47. Ke4 Bd2 48. Rb3 Kb7 49. d5 Be1
1-0

[Event "ICS rated bullet match"]
[Site "207.99.83.227"]
[Date "1999.04.19"]
[Round "?"]
[White "Hossa"]
[Black "JSBach"]
[Result "1-0"]
[WhiteElo "2449"]
[BlackElo "1994"]
[PlyCount "97"]

1. e4 e5 2. Nf3 Nc6 3. Bc4 Nf6 4. Ng5 d5 5. exd5 Nxd5 6. Qh5 g6 7. Qf3 Qxg5 8.
Bxd5 Nd8 9. O-O Bg4 10. Qb3 c6 11. d3 Qh5 12. Be4 f5 13. f3 fxe4 14. fxg4 Bc5+
15. Kh1 Qxg4 16. Bh6 e3 17. Bg7 e2 18. Re1 Qf4 19. Nc3 Rf8 20. Nxe2 Qf2 21.
Bxf8 Bxf8 22. Ng1 Qf6 23. Nf3 Qf7 24. Rxe5+ Be7 25. Rae1 Qxb3 26. Rxe7+ Kf8 27.
axb3 Kg8 28. Ng5 c5 29. Re8+ Kg7 30. R1e7+ Kh6 31. Rxd8 Rxd8 32. Nf7+ Kh5 33.
Nxd8 b6 34. Rxh7+ Kg5 35. Rxa7 Kf6 36. Rb7 Kf5 37. Rxb6 Ke5 38. Rxg6 Kf5 39.
Rc6 Kf4 40. Rxc5 Ke3 41. Nc6 Kf4 42. Rd5 Kg4 43. Re5 Kh4 44. Nd8 Kg4 45. Ne6
Kh4 46. Rd5 Kg4 47. Rg5+ Kh4 48. g3+ Kh3 49. Nf4# {JSBach checkmated} 1-0

[Event "ICS Rated blitz match"]
[Site "207.99.83.227"]
[Date "1999.04.19"]
[Round "?"]
[White "Data"]
[Black "Hossa"]
[Result "1-0"]
[WhiteElo "2827"]
[BlackElo "2558"]
[Annotator "Crafty v16.6"]
[PlyCount "53"]

{annotating for player ossa  using a scoring margin of +0.10 pawns.  search
time limit is 10.00} 1. e4 1... c5 2. d4 cxd4 3. c3 dxc3 4. Nxc3 e6 ({8:+0.45} 
4... e6 5. Bd3 Nc6 6. Nf3 Nb4 7. O-O Nxd3 8. Qxd3 8... Nf6 $15) ({8:+0.73} 4...
Nc6 5. Bb5 Nf6 6. Nf3 a6 7. Bxc6 bxc6 8. O-O 8... Bb7 $17) 5. Bc4 Bb4 6. Nge2
Ne7 7. a3 Bxc3+ 8. Nxc3 Nbc6 9. O-O f5 ({7:-0.14} 9... f5 10. Qh5+ g6 11. Qg5
O-O 12. Bf4 d6 13. exf5 13... Nxf5 $10) ({7:+0.37} 9... O-O 10. Bf4 Na5 11. Bb5
a6 12. Bd3 12... Nac6 $15) 10. Qh5+ g6 11. Qg5 Rf8 ({7:-1.47} 11... Rf8 12. Nb5
Kf7 13. Qh4 Kg8 14. Bh6 14... g5 $16) ({7:-0.15} 11... O-O 12. Rd1 Qa5 13. Qh4
Qc5 14. exf5 Nxf5 15. Qe4 $10) 12. Nb5 d5 ({7:-1.45} 12... d5 13. exd5 Nxd5 14.
Qxd8+ Kxd8 15. Rd1 Nce7 16. Bh6 Re8 17. Rac1 $16) ({7:-1.28} 12... d6 13. Rd1
d5 14. exd5 Ne5 15. Bb3 15... exd5 $16) 13. exd5 exd5 14. Bf4 Kf7 15. Nc7 dxc4
16. Qh6 Rb8 17. Qxh7+ Kf6 18. h4 Rf7 19. Bg5+ Ke5 20. Qxf7 Kd6 21. Bf4+ Kc5 22.
b4+ Nxb4 23. axb4+ Kd4 24. Nb5+ Kd3 25. Rfd1+ Kc2 26. Qxc4+ Kb2 27. Rdb1# 1-0

[Event "ICS Rated blitz match"]
[Site "207.99.83.227"]
[Date "1999.04.19"]
[Round "?"]
[White "Hossa"]
[Black "TDChess"]
[Result "0-1"]
[WhiteElo "2552"]
[BlackElo "2530"]
[Annotator "Crafty v16.6"]
[PlyCount "80"]

{annotating for player ossa  using a scoring margin of +0.10 pawns.  search
time limit is 10.00} 1. e4 1... e6 2. Nf3 d5 3. exd5 exd5 4. d4 ({7:+0.08} 4.
d4 4... Nf6 5. Bd3 Bb4+ 6. Bd2 Bxd2+ 7. Nbxd2 O-O 8. O-O 8... Nc6 $10) ({
7:+0.98} 4. Be2 4... Bg4 5. O-O Bc5 6. Ne5 Bxe2 7. Qxe2 7... Kf8 $16) 4... Nf6
5. Bb5+ Bd7 6. Bxd7+ Qxd7 7. O-O Nc6 8. Bg5 Ne4 9. Re1 h6 10. Bh4 ({8:-0.56} 
10. Bh4 10... g5 11. c4 O-O-O 12. cxd5 Qxd5 13. Qe2 Bb4 14. Nc3 Nxc3 15. bxc3
15... Bxc3 $15) ({8:+0.14} 10. c4 10... Bb4 11. Bd2 O-O-O 12. Bxb4 Nxb4 13.
cxd5 Qxd5 14. Nc3 Nxc3 15. bxc3 $10) 10... g5 11. Bg3 O-O-O 12. Ne5 Qe6 13. Nc3
Nxg3 14. Nxc6 Qxc6 15. Qg4+ Kb8 16. Qxg3 Bg7 17. Rad1 Rhe8 18. Qd3 Rxe1+ 19.
Rxe1 Qb6 20. Rd1 Qxb2 21. Rb1 Qa3 22. Qb5 b6 23. Nxd5 Qxa2 24. Ne7 Rf8 25. Nc6+
Ka8 26. Re1 f5 27. Nb4 Qa5 28. Qxa5 bxa5 29. Na6 Bxd4 30. Nxc7+ Kb8 31. Re7 Bb6
32. Re8+ Rxe8 33. Nxe8 a4 34. h4 a3 35. hxg5 a2 36. Kh2 a1=Q 37. g3 Qf1 38.
gxh6 Bxf2 39. Nf6 Qg1+ 40. Kh3 Qxg3# 0-1

[Event "ICS Rated blitz match"]
[Site "207.99.83.227"]
[Date "1999.04.19"]
[Round "?"]
[White "StrongBach"]
[Black "Hossa"]
[Result "0-1"]
[WhiteElo "1850"]
[BlackElo "2535"]
[PlyCount "114"]

1. e4 e5 2. Qh5 Nc6 3. Bb5 Nf6 4. Qh4 Nd4 5. Bd3 d5 6. Nc3 Be7 7. Qg3 dxe4 8.
Nxe4 Ng4 9. c3 Bh4 10. Bb5+ Nxb5 11. Qf3 f5 12. Ng3 e4 13. Qe2 Bd7 14. d4 Bxg3
15. hxg3 Qe7 16. f3 Nf6 17. Be3 Nd5 18. Bc1 Nd6 19. Rh5 Bb5 20. Qc2 exf3+ 21.
Kd1 fxg2 22. Rh2 Bc6 23. Qd3 O-O-O 24. Bd2 Nf6 25. Bf4 Ng4 26. Bxd6 Qd7 27.
Bxc7 Kxc7 28. Rxg2 Bxg2 29. Qd2 Be4 30. Kc1 Kc8 31. Qf4 Qb5 32. Nh3 Qd3 33. Qd2
Qf1+ 34. Qd1 Qxh3 35. Qe1 Nf2 36. Kd2 Qxg3 37. Qe3 Qxe3+ 38. Kxe3 Ng4+ 39. Ke2
f4 40. Rf1 g5 41. a4 h6 42. Rd1 f3+ 43. Kd2 h5 44. b3 Rhf8 45. Ra1 f2 46. Rf1
Bc2 47. b4 Bxa4 48. c4 Rxd4+ 49. Kc3 Rxc4+ 50. Kxc4 Ne3+ 51. Kd3 Nxf1 52. Kd4
Rf4+ 53. Kd3 Ng3 54. Kc3 f1=Q 55. Kb2 Rxb4+ 56. Kc3 Qf4 57. Kd3 57... Qd4# {
StrongBach checkmated} 0-1

[Event "ICS Rated bullet match"]
[Site "207.99.83.227"]
[Date "1999.04.19"]
[Round "?"]
[White "JSBach"]
[Black "Hossa"]
[Result "1/2-1/2"]
[WhiteElo "2022"]
[BlackElo "2451"]
[PlyCount "139"]

1. e4 e5 2. Nf3 Nc6 3. Bb5 a6 4. Bxc6 dxc6 5. d4 exd4 6. Qxd4 Qxd4 7. Nxd4 Bd7
8. Bf4 O-O-O 9. O-O Bg4 10. Be3 Nf6 11. h3 Bh5 12. Nd2 Bc5 13. c3 Bg6 14. b4
Bd6 15. f3 Nh5 16. Nc4 Bg3 17. Rfd1 f6 18. Ne2 Bf7 19. Nd2 Be5 20. Bd4 Bd6 21.
Nb3 Bc4 22. Rd2 Nf4 23. Nec1 b6 24. Be3 Ng6 25. Rb1 Bg3 26. Bd4 Be1 27. Rc2 Nf4
28. Nd2 Be6 29. Ncb3 Nd3 30. Rd1 Bg3 31. Nf1 Ne1 32. Re2 Bh4 33. Rexe1 Bxe1 34.
Rxe1 Rhe8 35. h4 Rf8 36. e5 Rde8 37. exf6 gxf6 38. c4 Bxc4 39. Rxe8+ Rxe8 40.
Bxf6 Re1 41. Nbd2 Bxa2 42. Kf2 Re6 43. Ne4 Bd5 44. Nfd2 a5 45. bxa5 bxa5 46. h5
a4 47. Bb2 Re8 48. Nc5 Rd8 49. Nxa4 Bf7 50. Ne4 Bxh5 51. Nac5 Rd1 52. Be5 Bg6
53. Ke3 Rd5 54. Nd3 Bxe4 55. Kxe4 Ra5 56. g3 c5 57. Kd5 Ra3 58. Kc4 Ra4+ 59.
Kxc5 Ra3 60. Kc4 h5 61. Bc3 Ra2 62. Nc5 Rf2 63. f4 h4 64. Ne4 hxg3 65. Nxg3
Rxf4+ 66. Kc5 Rf3 67. Be5 Rxg3 68. Bxg3 Kd8 69. Be5 Ke8 70. Bxc7 {
Game drawn because neither player has mating material} 1/2-1/2

[Event "ICS Rated blitz match"]
[Site "207.99.83.227"]
[Date "1999.04.19"]
[Round "?"]
[White "Hossa"]
[Black "ColonialPast"]
[Result "1-0"]
[WhiteElo "2536"]
[BlackElo "2171"]
[PlyCount "71"]

1. e4 c6 2. Nc3 d5 3. exd5 cxd5 4. Bb5+ Nc6 5. Nf3 Nf6 6. O-O e6 7. Ne5 Bd7 8.
Nxd7 Qxd7 9. d3 a6 10. Bxc6 bxc6 11. Bg5 Be7 12. Na4 Qc7 13. Qf3 O-O 14. Rae1
Rae8 15. Kh1 Nd7 16. Bxe7 Rxe7 17. Qe3 e5 18. Qg5 Re6 19. Nc3 f5 20. Ne2 f4 21.
Ng1 Rg6 22. Qe7 Rf7 23. Qa3 a5 24. Nf3 Re6 25. Ng5 Rh6 26. Nxf7 Kxf7 27. f3 Qd8
28. c3 Qh4 29. h3 Qg3 30. Re2 g5 31. Qxa5 g4 32. Qd8 Nf8 33. fxg4 Rxh3+ 34.
gxh3 Qxh3+ 35. Kg1 f3 36. Rxf3+ {ColonialPast resigns} 1-0

[Event "ICS Rated blitz match"]
[Site "207.99.83.227"]
[Date "1999.04.19"]
[Round "?"]
[White "ColonialPast"]
[Black "Hossa"]
[Result "0-1"]
[WhiteElo "2168"]
[BlackElo "2539"]
[PlyCount "106"]

1. e4 d6 2. d4 c5 3. Nf3 cxd4 4. Nxd4 Nf6 5. Nc3 e6 6. h3 Be7 7. g4 Nc6 8. Bg2
O-O 9. O-O Nxd4 10. Qxd4 Ne8 11. Be3 Bf6 12. Qd2 Bd7 13. g5 Bxc3 14. Qxc3 f6
15. gxf6 Qxf6 16. Qxf6 Rxf6 17. b3 Bc6 18. Rad1 a5 19. a4 Rg6 20. Kh2 Rxg2+ 21.
Kxg2 Bxe4+ 22. f3 Bxc2 23. Ra1 Bxb3 24. Rfb1 Bd5 25. Bb6 Bc6 26. Kf2 Nf6 27.
Bc7 Rf8 28. Ke2 Ne8 29. Bxa5 Rxf3 30. h4 Rh3 31. Be1 Nf6 32. Rc1 Ne4 33. Rxc6
bxc6 34. a5 Rh2+ 35. Ke3 Nf6 36. a6 Nd5+ 37. Kf3 Nc7 38. Bg3 Rd2 39. a7 Rd3+
40. Kf2 Kf7 41. Ra6 Na8 42. Rxc6 Ra3 43. Rxd6 Rxa7 44. Rc6 Ra5 45. Kf3 Rb5 46.
Ke4 Nb6 47. Be5 Nd7 48. Bc3 Nf6+ 49. Kf3 Rf5+ 50. Kg2 Nd5 51. Bd4 e5 52. Bf2 e4
53. Bd4 53... e3 {ColonialPast resigns} 0-1

[Event "ICS Rated blitz match"]
[Site "207.99.83.227"]
[Date "1999.04.19"]
[Round "?"]
[White "Hossa"]
[Black "ColonialPast"]
[Result "1/2-1/2"]
[WhiteElo "2542"]
[BlackElo "2165"]
[PlyCount "113"]

1. e4 c6 2. Nc3 d5 3. exd5 cxd5 4. Bb5+ Nc6 5. Nf3 Nf6 6. O-O e6 7. Ne5 Bd7 8.
Nxd7 Qxd7 9. d3 a6 10. Bxc6 bxc6 11. Bg5 Be7 12. Na4 Qc7 13. Qf3 O-O 14. Rae1
Rae8 15. Kh1 Nd7 16. Bxe7 Rxe7 17. Qe3 c5 18. Nc3 Qc6 19. Qg5 Ree8 20. b3 f6
21. Qh5 Qd6 22. Rg1 Nb8 23. Re3 g6 24. Qh6 Nc6 25. Ne2 e5 26. Rh3 Rf7 27. c4
Nd4 28. Nc3 dxc4 29. dxc4 f5 30. Nd5 f4 31. f3 Nf5 32. Qg5 a5 33. Re1 Ref8 34.
Rd1 Nd4 35. Nc3 Rf5 36. Qh6 R8f7 37. Ne4 Qe7 38. Rh4 Qf8 39. Qxf8+ Rxf8 40.
Nxc5 Nc2 41. Rd7 R8f7 42. Rd8+ Rf8 43. Rd6 R8f6 44. Rxf6 Rxf6 45. Ne4 Rf8 46.
Ng5 Rd8 47. g3 Ne3 48. Kg1 Rd2 49. gxf4 exf4 50. Ne6 Rd1+ 51. Kf2 Rd2+ 52. Kg1
Rd1+ 53. Kf2 Rd2+ 54. Kg1 Rd1+ 55. Kf2 Rd2+ 56. Kg1 Rd1+ 57. Kf2 {
Game drawn by repetition} 1/2-1/2

[Event "ICS Rated blitz match"]
[Site "207.99.83.227"]
[Date "1999.04.19"]
[Round "?"]
[White "TDChess"]
[Black "Hossa"]
[Result "0-1"]
[WhiteElo "2549"]
[BlackElo "2529"]
[PlyCount "138"]

1. d4 Nf6 2. Nf3 e6 3. e3 Be7 4. Nc3 O-O 5. Bd3 d5 6. O-O c5 7. b3 Nc6 8. Ne5
Nb4 9. Bb5 a6 10. Be2 Qc7 11. Bb2 Bd6 12. f4 cxd4 13. exd4 b5 14. a4 bxa4 15.
Rxa4 Bb7 16. Ra1 Rac8 17. Qd2 Kh8 18. Rad1 Nc6 19. Nxc6 Qxc6 20. Qe3 Bb4 21.
Rd3 Ne4 22. Rf3 a5 23. Bd1 Ba6 24. Nxe4 dxe4 25. Rg3 Rg8 26. Rd2 Bxd2 27. Qxd2
a4 28. c4 axb3 29. c5 Bd3 30. Bxb3 Rb8 31. Bd1 Rgd8 32. Kf2 Ba6 33. Ra3 Qb5 34.
Bc3 Qf1+ 35. Kg3 Bd3 36. Bb3 Qg1 37. c6 Rb6 38. Ra1 Bf1 39. Bc4 e3 40. Qc2 e2
41. Qe4 Bxg2 42. Rxg1 Bxe4 43. c7 Rc8 44. Ba5 Rxc7 45. Bxb6 Rxc4 46. Kf2 Rc2
47. Ke3 Bd5 48. h4 Bc4 49. Bc5 h5 50. Bf8 Kg8 51. Be7 Kh7 52. Bf8 g6 53. Bb4
Kg7 54. Rb1 Kf6 55. Bd2 Kf5 56. Rg1 f6 57. Bb4 Rb2 58. Bc3 Rb3 59. Kd2 Kxf4 60.
Kc2 Ra3 61. Rc1 Kg4 62. Bb4 Ra2+ 63. Kb1 Bd5 64. Rg1+ Kf5 65. Re1 Ke4 66. Bc3
Kd3 67. Rc1 Ra3 68. Be1 Rb3+ 69. Ka1 69... Kxd4 {TDChess resigns} 0-1

[Event "ICS Rated Blitz match"]
[Site "131.246.89.4"]
[Date "1999.04.19"]
[Round "?"]
[White "phalxx"]
[Black "Hossa"]
[Result "0-1"]
[WhiteElo "2430"]
[BlackElo "2033"]
[PlyCount "164"]

1. Nf3 d5 2. d4 Nf6 3. c4 e6 4. cxd5 exd5 5. Nc3 Bb4 6. Bg5 O-O 7. e3 Bxc3+ 8.
bxc3 Bg4 9. Qb3 Bxf3 10. Qxb7 Nbd7 11. gxf3 c5 12. Ba6 cxd4 13. Bxf6 Nxf6 14.
O-O Qd6 15. Bb5 dxc3 16. Qa6 Qc5 17. Rac1 d4 18. exd4 Qxd4 19. Rfd1 Qc5 20. Qc6
Qg5+ 21. Kh1 Rac8 22. Qa6 Qc5 23. Rg1 Nh5 24. Bd7 Rcd8 25. Qb5 Qxb5 26. Bxb5
Rd2 27. Rxc3 Rxa2 28. Rf1 Nf4 29. Rc7 a5 30. Bc4 Rb2 31. Ra7 Rb4 32. Ba2 Rb5
33. Bc4 Rc5 34. Bb3 Rf5 35. Ba4 g6 36. Rb1 Rg5 37. Re1 Kg7 38. Bb3 Nd3 39. Rf1
Rf5 40. Bc2 Rd8 41. Kg1 Rg5+ 42. Kh1 Nf4 43. Bb3 Rf5 44. Bc2 Rb5 45. Ba4 Rc5
46. Bb3 Rf8 47. Re1 Rc3 48. Ba4 Rxf3 49. Kg1 Rd8 50. Bd7 Rc3 51. h4 Rc2 52. Re8
Rcc8 53. Re4 Rc1+ 54. Kh2 Nd5 55. Bh3 Rc5 56. Rd4 Re8 57. Bg2 Nf6 58. Bf3 Ree5
59. Kg2 h6 60. Ra4 g5 61. Ra6 gxh4 62. Rxh4 Rg5+ 63. Kf1 Rc3 64. Bd1 Rd3 65.
Ke2 Rgd5 66. Ba4 Rd2+ 67. Ke1 Ra2 68. Bb3 Re5+ 69. Kf1 Rb2 70. Ba4 Rf5 71. Ke1
Rg5 72. Kf1 Ng4 73. Bc6 Rxf2+ 74. Ke1 Ra2 75. Be4 Nh2 76. Bc2 Rxc2 77. Kd1 Ra2
78. Re4 Nf3 79. Re1 Nxe1 80. Rxa5 Rgxa5 81. Kxe1 Rb2 82. Kf1 82... Ra1# {
phalxx checkmated} 0-1

[Event "ICS rated bullet match"]
[Site "207.99.83.227"]
[Date "1999.04.19"]
[Round "?"]
[White "Hossa"]
[Black "JSBach"]
[Result "1-0"]
[WhiteElo "2437"]
[BlackElo "2058"]
[PlyCount "141"]

1. e4 e5 2. Nf3 Qf6 3. Bd3 Bc5 4. Nc3 Ne7 5. Na4 Bd6 6. O-O O-O 7. Bc4 Nbc6 8.
d3 h6 9. Bd2 Kh8 10. Bc3 Ng6 11. d4 exd4 12. Bxd4 Nxd4 13. Qxd4 Be7 14. Nc3
Qxd4 15. Nxd4 Ne5 16. Be2 c6 17. f4 Ng6 18. Rad1 Bc5 19. f5 Ne5 20. f6 g6 21.
Na4 Bxd4+ 22. Rxd4 b5 23. Nc5 Re8 24. Rf4 g5 25. Rf1 Kg8 26. Rd6 Rb8 27. Bh5
Rb6 28. b3 b4 29. Be2 Rb8 30. Rf5 Rb6 31. Bf1 Kh7 32. Kh1 Kh8 33. Be2 g4 34.
Rh5 Kh7 35. Rh4 Rg8 36. Na4 Rb8 37. Nb2 Bb7 38. Nc4 Ba6 39. Nxe5 Bxe2 40. Rxd7
Rbf8 41. Nxf7 Rxf7 42. Rxf7+ Kg6 43. Rxa7 Rd8 44. Kg1 Kg5 45. g3 Bf3 46. e5
Rd1+ 47. Kf2 Rd2+ 48. Ke3 Re2+ 49. Kd4 Re4+ 50. Kc5 Rxe5+ 51. Kxb4 c5+ 52. Kb5
Kxf6 53. Rxh6+ Kg5 54. Rd6 Re2 55. Rc7 Rxc2 56. Rxc5+ Rxc5+ 57. Kxc5 Be4 58. b4
Kf5 59. a4 Bh1 60. a5 Bf3 61. Rc6 Ke4 62. a6 Ke5 63. b5 Bd5 64. a7 Bg2 65. a8=Q
Kf5 66. Qe8 Bxc6 67. Qh5+ Kf6 68. bxc6 Ke7 69. Qg6 Kd8 70. Kd6 Kc8 71. Qg8# {
JSBach checkmated} 1-0

[Event "ICS Rated blitz match"]
[Site "207.99.83.227"]
[Date "1999.04.19"]
[Round "?"]
[White "Hossa"]
[Black "ColonialPast"]
[Result "1-0"]
[WhiteElo "2540"]
[BlackElo "2208"]
[PlyCount "111"]

1. e4 c6 2. Nc3 d5 3. exd5 cxd5 4. Bb5+ Nc6 5. Nf3 Nf6 6. O-O e6 7. Ne5 Bd7 8.
Nxd7 Qxd7 9. d3 a6 10. Bxc6 bxc6 11. Na4 Qc7 12. Bg5 Be7 13. Qf3 O-O 14. Rae1
Rae8 15. Kh1 Nd7 16. Bxe7 Rxe7 17. Qe3 e5 18. Qg5 Qd6 19. c4 f6 20. Qe3 Rfe8
21. Nc3 d4 22. Ne4 dxe3 23. Nxd6 exf2 24. Re3 Rd8 25. Nf5 Ree8 26. Rg3 g5 27.
Nd6 Re6 28. Ne4 Kg7 29. Rxf2 h5 30. b4 Kg6 31. Rgf3 Rb8 32. a3 Rf8 33. Rf5 Rb8
34. Rf1 Rf8 35. c5 Rb8 36. h3 Rb5 37. Nd6 Rb8 38. g4 hxg4 39. hxg4 Rh8+ 40. Kg2
Rh4 41. Kg3 Re7 42. R1f3 Reh7 43. Ne8 Rh3+ 44. Kf2 Rxf3+ 45. Rxf3 Rh2+ 46. Ke3
Ra2 47. Nd6 Rxa3 48. Nf5 Rb3 49. Ne7+ Kg7 50. Nxc6 Kf7 51. Rf2 Ke6 52. Ra2 f5
53. gxf5+ Kxf5 54. Rxa6 e4 55. Nd4+ Kg4 56. Nxb3 {ColonialPast resigns} 1-0